Veikkausliiga-joukkueet: logovisa - Statistics

Yleistilastot
  • Tätä visaa on pelattu 129 kertaa
    52 viimeisimmän päivityksen jälkeen
  • Keskiarvotulos 10 / 12
Vastaustilastot
Kuvavisa Vastaus % Oikein
Tampereen Ilves
98%
FC Inter
95%
Helsingin Jalkapalloklubi
95%
Kuopion Palloseura
93%
IF Gnistan
88%
AC Oulu
85%
Seinäjoen Jalkapallokerho
85%
FC KTP
83%
IFK Mariehamn
80%
Vaasan Palloseura
80%
FF Jaro
78%
FC Haka
76%
Ehtoja vastaavia visoja ei löytynyt
Tulosjakauma
Jokaisen tuloksen saaneiden osuus
Persentiili vastausten määrän mukaan
Tuloshistoriasi
Et ole pelannut tätä visaa sen viimeisimmän päivityksen jälkeen